Pozastavený predaj akcií Nováckych chemických závodov hrozí prerásť do medzinárodného problému

Zákon č. 92/1991 Zb. o podmienkach prevodu majetku štátu na iné osoby. Inekon, s.r.o. Praha zaplatil za 51 perc. akcií Nováckych chemických závodov, ale akcie nedostal, lebo štát zastavil predaj. Finančná sankcia. História privatizácie a výrobná náplň Nováckych chemických závodov. Privatizačné aktiv...

ver descrição completa

Na minha lista:
Detalhes bibliográficos
Autor principal: Hajko, J.
Formato: Capítulo de Livro
Idioma:eslovaco
Assuntos:
Tags: Adicionar Tag
Sem tags, seja o primeiro a adicionar uma tag!

MARC

LEADER 00000naa a2200000 4500
001 r018295
005 20221205103050.5
041 0 |a slo 
044 |a SK 
245 1 0 |a Pozastavený predaj akcií Nováckych chemických závodov hrozí prerásť do medzinárodného problému  |c J. Hajko 
520 |a Zákon č. 92/1991 Zb. o podmienkach prevodu majetku štátu na iné osoby. Inekon, s.r.o. Praha zaplatil za 51 perc. akcií Nováckych chemických závodov, ale akcie nedostal, lebo štát zastavil predaj. Finančná sankcia. História privatizácie a výrobná náplň Nováckych chemických závodov. Privatizačné aktivity Inekonu. Obchodné kontakty. Možné riešenie súdnou cestou. 
610 2 0 |a Slovensko 
610 2 0 |a Novácke chemické závody, a.s. Nováky 
610 2 0 |a Inekon, s.r.o. Praha 
610 2 0 |a privatizácia 
610 2 0 |a akcie 
610 2 0 |a zákony 
610 2 0 |a 1991 
610 2 0 |a spolupráca hospodárska medzinárodná 
610 2 0 |a konflikty 
610 2 0 |a FNM SR Bratislava 
100 1 |a Hajko, J.